Statistics for All Songs from Heroes And Villains album by Metro Boomin

Click here to take the quiz!

General Stats

  • This quiz has been taken 420 times
  • The average score is 11 of 15

Answer Stats

Artists featuredAnswer% Correct
Future, Chris BrownSuperhero
95%
The Weeknd, 21 SavageCreepin'
92%
Travis Scott, Young ThugTrance
85%
Don Toliver, FutureToo Many Nights
83%
Travis ScottRaindrops (Insane)
82%
John LegendOn Time
81%
Young ThugMetro Spider
80%
Travis Scott, 21 SavageNiagara Falls (Foot or 2)
78%
21 Savage, Young NudyUmbrella
76%
ASAP Rocky, TakeoffFeel the Fiyaaaah
75%
Don ToliverAround Me
72%
Future, Don ToliverI Can't Save You (Interlude)
69%
21 Savage, MustafaWalk 'Em Down (Don't Kill Civilians)
63%
Travis Scott, FutureLock On Me
56%
GunnaAll The Money (Bonus Track)
55%

Score Distribution

Percentile by Number Answered

Percent of People with Each Score

Your Score History

You have not taken this quiz